000 00536nam a2200193Ia 4500
003 GCL
008 140319s9999 xx 000 0 eng d
040 _aGCL /
_cGCL
082 0 4 _aCH
_b398.2
_bT T
100 1 _aTOLSTOY, ALEXEI
245 1 0 _aTERYOSHA: A RUSSIAN FOLK STORY /
_cTOLSTOY, ALEXEI
700 1 _aSHARSTE, OLGA
260 _a[S.N] :
_bPROGRESS PUBLISHERS ،
_c1976
300 _a25 P
650 0 4 _aLITERATURE - FOLKLORE
650 0 4 _aFOLK LITERATURE - RUSSIAN HISTORY
650 0 4 _aCHILDREN - FICTION
942 _2ddc
_cBK
999 _c15207
_d15207